Interiér vybranej budovy komplexu starej nemocnice v Nových Zámkoch

Na minha lista:
Detalhes bibliográficos
Autor principal: Hencová, Monika (Author)
Outros Autores: Morávková, Katarína (Thesis advisor)
Formato: Manuscrito Livro
Idioma:eslovaco
Publicado em: Bratislava 2022
Assuntos:
Acesso em linha:http://is.stuba.sk/zp/portal_zp.pl?podrobnosti=164794
Tags: Adicionar Tag
Sem tags, seja o primeiro a adicionar uma tag!

MARC

LEADER 00000ntm a22000003a 4500
001 stuzp89881
003 SK-STU
005 20221024080225.8
007 ta
008 150427s2015----xo-----f-mn---000-0-slo-d
040 |a STU  |b slo 
041 0 |a slo 
100 1 |a Hencová, Monika  |u 055150  |4 aut  |U FAD Fakulta architektúry a dizajnu  |T FAD Ústav interiéru a výstavníctva  |X 82444  |U A5150  |Y 396  |7 82444 
242 0 1 |a Interior of a selected building of the old hospital complex in Nové Zámky  |y eng 
245 1 0 |a Interiér vybranej budovy komplexu starej nemocnice v Nových Zámkoch 
260 |c 2022  |a Bratislava 
650 4 |a prostredie priateľské k veku  |2 slo 
650 4 |a sociálna inklúzia  |2 slo 
650 4 |a viacgeneračné bývanie  |2 slo 
650 4 |a Nové Zámky  |2 slo 
650 4 |a verejný priestor  |2 slo 
650 4 |a social inclusion  |2 eng 
650 4 |a multigenerational housing  |2 eng 
650 4 |a Nové Zámky  |2 eng 
650 4 |a public space  |2 eng 
650 4 |a age friendly enviroment  |2 eng 
700 1 |a Morávková, Katarína  |u 055150  |k Z8  |4 ths  |U FAD Fakulta architektúry a dizajnu  |T FAD Ústav interiéru a výstavníctva  |X 422  |U A5150  |Y 396  |7 A000000422 
856 4 |u http://is.stuba.sk/zp/portal_zp.pl?podrobnosti=164794  |u https://opac.crzp.sk/?fn=detailBiblioForm&sid=228C7CD165D66AC755D54CFE85CA